000 01027nam a2200217 u 4500
001 000046845
005 20250122130826.0
008 100809s2016 dr c r 000 0 spa d
020 _a9789945085600
040 _aDO-SdBNP
_bspa
_cBNPHU
082 _axxxx
_bxxx
100 1 _aNg Báez, Rosa
_974790
245 1 3 _aEl barrio chino de Santo Domingo :
_borígenes, construcción y aportes a las relaciones entre China y República Dominicana /
_cRosa Ng Báez ; prólogo José Chez Checo.
260 _aSanto Domingo :
_bInstituto de Cultura China,
_c2016.
300 _a199 p. ; :
_bretrs. ;
_c23 cm.
500 _aIncluye notas a pie de páginas
504 _aBibliografía p: 199
505 2 _tMapa del barrio Chino --
_tDedicatoria --
_tPreámbulo --
_tPrólogo --
_tPrefacio --
_gPrimera parte --
_tOrigen y construcción del barrio Chino de Santo Domingo --
_gSegunda parte --
_tChina y República Dominicana --
590 _aInventariado, 2018/ YL
500 _aIncluye datos biografícos de la autora en la solapa de la cubierta.
999 _c46334
_d46334